Mahler znovu objavovaný? postmortem k skvelému koncertu Claudia Abbada s Mládežníckym orchestrom Gustava Mahlera v bratislavskej Redute

Bibliographic Details
Main Author: Tihlárik, Rado (Author)
Format: Article
Language:Slovak
Subjects:

MARC

LEADER 00000nab a2200000 a 4500
001 vtls000873048
003 SK-MaSNL
005 20260304103713.0
008 250429c2004 xo 0 slo
015 |a SNBRB2004/05-15473 
035 |a CLN000224600 
035 |a urn:nbn:sk:snk-ab20di 
035 |a (urnnbn)urn:nbn:sk:snk:ar-a01cxo 
035 |a (uuid)ecfb9e35-6bef-4286-97d2-6a4ef9e8f4eb 
040 |a SNKBUCL  |b slo  |c SNKBUCL  |e AACR2 
041 0 |a slo 
044 |a xo  |c SK 
080 |a 78.071.2:785.11:061.7  |2 1997 
100 1 |a Tihlárik, Rado  |4 aut  |9 1402569 
245 1 0 |a Mahler znovu objavovaný?  |b postmortem k skvelému koncertu Claudia Abbada s Mládežníckym orchestrom Gustava Mahlera v bratislavskej Redute  |c Rado Tihlárik 
300 |b Fotogr. 
500 |a Dirigent: Claudio Abbado 
610 7 |a Mládežnícky orchester Gustava Mahlera  |x koncerty  |z Bratislava (Slovensko)  |y 6.4.2004  |2 snkbucl  |9 1402568 
655 7 |a články z novín a časopisov  |2 snkbucl  |9 267496 
773 0 |t Hudobný život  |g Roč. 36, č. 5 (2004), s. 16  |x 1335-4140 
850 |a Slovenská národná knižnica 
852 |a Slovenská národná knižnica 
954 |a odborná, vedecká literatúra pôvodná (slovenská)  |2 lita 
958 |a article27 
958 |a OND 
958 |a SK 
958 |a EUIPO 
992 |a RBX 
999 |c 2849521  |d 2851451